Top 10 Countries by population - Statistics

General Stats
  • This quiz has been taken 84 times
  • The average score is 9 of 10
Answer Stats
Hint Answer % Correct
1. Asia. 1,361,910,000 people China
100%
2. Asia. 1,238,360,000 people India
100%
10. Asia. 127,270,000 people Japan
100%
5. South America. 201,032,714 people Brazil
99%
9. Europe. 143,600,000 people Russia
99%
3. North America. 317,367,000 people Usa
99%
4. Asia. 249,866,000 people Indonesia
94%
7. Africa. 173,615,000 people Nigeria
89%
6. Asia. 185,210,000 people Pakistan
89%
8. Asia. 152,518,015 people Bangladesh
80%
No matching quizzes found
Score Distribution
Percent of People with Each Score
Percentile by Number Answered
Your Score History
You have not taken this quiz